000 007070000a22002290004500
001 37498
010 _a978-989-99413-1-1
100 _a20180709d2016 a y0pory5003 ba
101 0 _apor
102 _aPT
200 1 _aA raposa Sebastiana
_fBeatriz Lamas Oliveira
210 _a[Braga]
_cEscrivaninha
_d2016
215 _a52 p.
_cil. color
225 2 _aVida selvagem
320 _aBibliog. : p. 52
606 _92169
_aLiteratura portuguesa
_xConto
675 _a087.5-053.5
_vBN
_zpor
675 _a821.134.3-34
_vBN
_zpor
700 1 _934470
_aOliveira
_bBeatriz Lamas de
090 _a37498
942 _cMON
_n0
999 _a37498